[Event "Gibraltar Challengers B"]
[Site "Gibraltar"]
[Date "2020.01.25"]
[Round "1.39"]
[White "Martinez Lopez, Jaume"]
[Black "Hng, Mei-Xian Eunice"]
[Result "1-0"]
[WhiteElo "2042"]
[BlackElo "1661"]
[PlyCount "71"]
[EventDate "2020.01.25"]
[EventType "swiss"]
[EventRounds "5"]
[EventCountry "GGB"]
[SourceTitle "BritBase"]
[Source "John Saunders"]
[SourceDate "2021.06.05"]
[SourceVersion "1"]
[SourceVersionDate "2021.06.05"]
[SourceQuality "1"]

1. d4 Nf6 2. Bg5 c5 3. d5 Qb6 4. Nc3 d6 5. e4 Nbd7 6. f4 g6 7. Rb1 Bg7 8. Nf3
O-O 9. Nd2 a6 10. a4 Re8 11. Be2 Nf8 12. Nc4 Qc7 13. O-O N8d7 14. Ra1 b6 15.
Bf3 Bb7 16. Re1 h6 17. Bh4 Nh7 18. Qd2 Rad8 19. e5 f6 20. Bg3 fxe5 21. fxe5
dxe5 22. d6 Qb8 23. dxe7 Rxe7 24. Bxb7 Qxb7 25. Nxe5 Nhf8 26. Nc4 Rde8 27. Nd6
Rxe1+ 28. Bxe1 Rxe1+ 29. Rxe1 Bd4+ 30. Kh1 Qc6 31. Qf4 Ne5 32. Nce4 Bxb2 33.
Rf1 Qa8 34. Nf6+ Kg7 35. Nfe8+ Kh7 36. Qxf8 1-0

[Event "Gibraltar Challengers B"]
[Site "Gibraltar"]
[Date "2020.01.25"]
[Round "1.40"]
[White "Lee, Alexandre Km"]
[Black "Lung, Liviu-Catalin"]
[Result "0-1"]
[WhiteElo "1557"]
[BlackElo "2041"]
[PlyCount "112"]
[EventDate "2020.01.25"]
[EventType "swiss"]
[EventRounds "5"]
[EventCountry "GGB"]
[SourceTitle "BritBase"]
[Source "John Saunders"]
[SourceDate "2021.06.05"]
[SourceVersion "1"]
[SourceVersionDate "2021.06.05"]
[SourceQuality "1"]

1. e4 c6 2. d4 g6 3. Nc3 Bg7 4. h3 d6 5. Nf3 b5 6. Bd3 b4 7. Ne2 Nf6 8. Be3 O-O
9. Qd2 Na6 10. Ng3 c5 11. Bxa6 cxd4 12. Bxd4 Bxa6 13. Qxb4 Qc7 14. Qc3 Qb7 15.
Qe3 Rfc8 16. Bc3 Nd7 17. Bxg7 Kxg7 18. O-O-O Rab8 19. b3 Qc7 20. Rd2 Qa5 21.
Kb2 Nb6 22. Ka1 Qa3 23. c4 Nd7 24. Qc3+ Kg8 25. Qb2 Qa5 26. Rd5 Qb6 27. Qd4 Nc5
28. Nd2 Bb7 29. Rg5 e5 30. Qe3 Ne6 31. Qxb6 axb6 32. Rg4 Kf8 33. Ne2 b5 34.
cxb5 Rc2 35. Rd1 d5 36. Kb1 Rc5 37. a4 d4 38. Rg3 f5 39. exf5 gxf5 40. Nc4 f4
41. Rg4 h5 42. Rh4 Ng7 43. f3 Ke7 44. Nc1 Bc8 45. Kb2 Bf5 46. Ka3 Kf6 47. Nd6
Kg5 48. g3 Rc3 49. Nf7+ Kf6 50. Nd6 Bc2 51. Rg1 Ke6 52. Ne4 Bxe4 53. fxe4 f3
54. Rf1 Rf8 55. Kb2 f2 56. Ne2 Re3 0-1

[Event "Gibraltar Challengers B"]
[Site "Gibraltar"]
[Date "2020.01.26"]
[Round "2.1"]
[White "Severijnen, Arjon"]
[Black "Oragwu, Chukwunonso"]
[Result "0-1"]
[WhiteElo "2120"]
[BlackElo "2220"]
[PlyCount "142"]
[EventDate "2020.01.25"]
[EventType "swiss"]
[EventRounds "5"]
[EventCountry "GGB"]
[SourceTitle "BritBase"]
[Source "John Saunders"]
[SourceDate "2021.06.05"]
[SourceVersion "1"]
[SourceVersionDate "2021.06.05"]
[SourceQuality "1"]

1. e4 c5 2. Nf3 Nc6 3. d4 cxd4 4. Nxd4 g6 5. Nc3 Bg7 6. Be3 Nf6 7. Bc4 Qa5 8.
O-O O-O 9. h3 d6 10. Re1 Bd7 11. Bb3 Rac8 12. Nd5 Nxd5 13. exd5 Ne5 14. c3 Rfe8
15. Qe2 Ba4 16. Bxa4 Qxa4 17. b3 Qa5 18. c4 a6 19. Rac1 h6 20. a4 Nd7 21. Rb1
Qc7 22. Qd2 Kh7 23. f4 e5 24. dxe6 fxe6 25. Ne2 Rcd8 26. Ng3 Nf6 27. a5 Qf7 28.
Bb6 Rd7 29. Qc2 d5 30. Rbd1 h5 31. Bd4 h4 32. Bxf6 Bxf6 33. Nf1 Bd8 34. Qc3 Rf8
35. Rd3 dxc4 36. Rxd7 Qxd7 37. Qxc4 Rf6 38. b4 Qd5 39. Re4 Qxc4 40. Rxc4 Rf7
41. Nd2 Bc7 42. Nf3 Bxf4 43. Nxh4 g5 44. Nf3 Kg6 45. Kf2 Rc7 46. Rxc7 Bxc7 47.
Nd4 Kf6 48. Ke3 Bd6 49. Nc2 Ke5 50. g3 Be7 51. Kd3 Bf8 52. Ke3 Bd6 53. Kd3 Kf6
54. g4 Ke5 55. Ke3 Kd5 56. Kd3 Bf4 57. b5 axb5 58. Nb4+ Kc5 59. a6 bxa6 60.
Nxa6+ Kb6 61. Nb4 Bd6 62. Nc2 Bc5 63. Ke4 Kc6 64. Ke5 Kd7 65. Kf6 Be7+ 66. Ke5
b4 67. Nd4 Bd6+ 68. Kf6 e5 69. Nb3 e4 70. Kxg5 e3 71. Nc1 b3 0-1

[Event "Gibraltar Challengers B"]
[Site "Gibraltar"]
[Date "2020.01.26"]
[Round "2.2"]
[White "Havik, Victor"]
[Black "Enkhtuul, Altan-Ulzii"]
[Result "0-1"]
[WhiteElo "2101"]
[BlackElo "2200"]
[PlyCount "168"]
[EventDate "2020.01.25"]
[EventType "swiss"]
[EventRounds "5"]
[EventCountry "GGB"]
[SourceTitle "BritBase"]
[Source "John Saunders"]
[SourceDate "2021.06.05"]
[SourceVersion "1"]
[SourceVersionDate "2021.06.05"]
[SourceQuality "1"]

1. Nf3 Nf6 2. c4 g6 3. Nc3 d5 4. cxd5 Nxd5 5. e4 Nb6 6. d4 Bg4 7. Be3 Bg7 8.
Bb5+ c6 9. Be2 O-O 10. Rc1 N8d7 11. e5 Kh8 12. h3 Bxf3 13. gxf3 f5 14. Qd2 Rc8
15. b4 Qe8 16. h4 Rd8 17. f4 h5 18. Rg1 Rg8 19. a4 Nf8 20. a5 Nc8 21. Bc4 e6
22. Be2 Ne7 23. Qb2 a6 24. Na4 Nd5 25. Nc5 Qe7 26. Rh1 Bh6 27. Qd2 Rb8 28. Bf3
Kh7 29. Be2 Nd7 30. Bd3 Bf8 31. Ke2 Bh6 32. Kf3 Rgd8 33. Kg3 Nxc5 34. bxc5 Rd7
35. Rcd1 Rbd8 36. Bc4 Nc7 37. Qa2 Re8 38. Rd3 Nb5 39. Rhd1 Bf8 40. Qb3 Rdd8 41.
Kh3 Bh6 42. Rg1 Qf7 43. Rg3 Re7 44. Rd1 Rg8 45. Rdg1 Qe8 46. R3g2 Qd7 47. Qb2
Qd8 48. Be2 Rgg7 49. Qb4 Rd7 50. Rd1 Rde7 51. Rgg1 Qd5 52. Kg3 Qd8 53. Bc4 Re8
54. Rd3 Rd7 55. Rgd1 Bf8 56. Qb3 Rde7 57. Qa2 Nc7 58. Rb1 Nb5 59. Rbd1 Qc8 60.
Kh3 Nc7 61. Rb1 Nb5 62. Rbd1 Bh6 63. Kg3 Rd8 64. Kf3 Qd7 65. Kg3 Rde8 66. Bxb5
axb5 67. a6 bxa6 68. Qxa6 Qd5 69. Ra1 Qe4 70. Rda3 Rd8 71. Qb6 Rxd4 72. Ra7
Bxf4+ 73. Bxf4 Qxf4+ 74. Kg2 Qe4+ 75. Kf1 Qd3+ 76. Kg2 Rdd7 77. Rxd7 Qxd7 78.
Ra8 Qd5+ 79. Kg1 Qd1+ 80. Kg2 Qg4+ 81. Kf1 Rd7 82. Ra7 Qh3+ 83. Ke2 Qd3+ 84.
Ke1 Qd1# 0-1

[Event "Gibraltar Challengers B"]
[Site "Gibraltar"]
[Date "2020.01.26"]
[Round "2.4"]
[White "Gonzalez Gonzalez, Alfonso"]
[Black "Levay, Sorin"]
[Result "0-1"]
[WhiteElo "2100"]
[BlackElo "2192"]
[PlyCount "186"]
[EventDate "2020.01.25"]
[EventType "swiss"]
[EventRounds "5"]
[EventCountry "GGB"]
[SourceTitle "BritBase"]
[Source "John Saunders"]
[SourceDate "2021.06.05"]
[SourceVersion "1"]
[SourceVersionDate "2021.06.05"]
[SourceQuality "1"]

1. e4 c6 2. Nc3 d5 3. Nf3 dxe4 4. Nxe4 Nf6 5. Nxf6+ gxf6 6. d4 Bg4 7. Bc4 e6 8.
Be3 Nd7 9. Qe2 Nb6 10. Bb3 Qc7 11. h3 Bh5 12. g4 Bg6 13. Nh4 O-O-O 14. Nxg6
hxg6 15. O-O-O Bh6 16. h4 f5 17. Kb1 fxg4 18. Qxg4 Nd5 19. h5 Bxe3 20. Bxd5
Rxd5 21. hxg6 Rxh1 22. Rxh1 Bxd4 23. g7 Bxg7 24. Qxg7 Qd7 25. b3 Rd1+ 26. Rxd1
Qxd1+ 27. Kb2 Qd7 28. Qh8+ Qd8 29. Qg7 Qe7 30. f4 b6 31. a4 Kd7 32. Qe5 Kc8 33.
a5 bxa5 34. Qxa5 Qf6+ 35. Ka2 Qxf4 36. Qa6+ Kd7 37. Qxa7+ Qc7 38. Qd4+ Kc8 39.
Qh8+ Kb7 40. Qe8 e5 41. Kb1 f5 42. Qf8 Qd7 43. Qb4+ Kc7 44. Qa5+ Kd6 45. Qd2+
Ke7 46. Qg5+ Kf7 47. Qh5+ Ke6 48. Qh6+ Ke7 49. Qg5+ Kd6 50. Qd2+ Ke7 51. Qg5+
Kf7 52. Qh5+ Kg7 53. Qg5+ Kf8 54. Qf6+ Qf7 55. Qh8+ Ke7 56. Qxe5+ Qe6 57. Qg7+
Kd6 58. Qf8+ Kd5 59. Qd8+ Qd6 60. Qg8+ Ke5 61. Qh8+ Qf6 62. Qb8+ Ke4 63. Qb4+
Qd4 64. Qe1+ Qe3 65. Qb4+ Kf3 66. Qh4 Kg2 67. Qf6 Qe4 68. Qg6+ Kf1 69. Qh7 Qf3
70. Qh2 f4 71. Kb2 c5 72. Qh6 Ke1 73. Qh2 Qg3 74. Qh1+ Kf2 75. Qh5 Qg7+ 76. Kb1
Qd4 77. Qh4+ Ke2 78. Qh2+ Qf2 79. Qh5+ f3 80. Qe8+ Kd2 81. Qd8+ Qd4 82. Qa5+
Kd1 83. Qb5 Ke1 84. Qe8+ Kd2 85. Qb5 c4 86. Qg5+ Ke2 87. Qh5 c3 88. Ka2 Qa7+
89. Kb1 Qe3 90. b4 Qe4 91. Qb5+ Kd2 92. Qd7+ Ke1 93. Qb5 f2 0-1

[Event "Gibraltar Challengers B"]
[Site "Gibraltar"]
[Date "2020.01.26"]
[Round "2.6"]
[White "Stolniceanu, Victor-Dumitru"]
[Black "Galvan, Jesus"]
[Result "0-1"]
[WhiteElo "2074"]
[BlackElo "2180"]
[PlyCount "96"]
[EventDate "2020.01.25"]
[EventType "swiss"]
[EventRounds "5"]
[EventCountry "GGB"]
[SourceTitle "BritBase"]
[Source "John Saunders"]
[SourceDate "2021.06.05"]
[SourceVersion "1"]
[SourceVersionDate "2021.06.05"]
[SourceQuality "1"]

1. e4 c5 2. Nf3 Nc6 3. Bb5 g6 4. O-O Bg7 5. Bxc6 bxc6 6. d3 d6 7. h3 Nh6 8. c3
O-O 9. Be3 f6 10. Nbd2 Nf7 11. Nh2 Ba6 12. Qc2 e5 13. Rad1 f5 14. f4 exf4 15.
Bxf4 g5 16. Be3 f4 17. Bf2 Ne5 18. Ndf3 Ng6 19. g4 fxg3 20. Bxg3 Nf4 21. Bxf4
Rxf4 22. Qg2 h6 23. Ng4 Bc8 24. Nfh2 Rxf1+ 25. Rxf1 Be6 26. a3 Qe7 27. h4 h5
28. Ne3 g4 29. Nf5 Bxf5 30. Rxf5 Qxh4 31. Qd2 Qg3+ 32. Kh1 Rf8 33. Rxf8+ Kxf8
34. Qg5 Qe5 35. Qd8+ Kf7 36. Qd7+ Kg6 37. Nxg4 hxg4 38. Qxg4+ Kh6 39. Qd7 c4
40. dxc4 Qxe4+ 41. Kg1 Qb1+ 42. Kg2 Qxb2+ 43. Kf1 Qc1+ 44. Ke2 Qc2+ 45. Kf1
Qd3+ 46. Kg2 Qe4+ 47. Kg1 Be5 48. Qe6+ Qg6+ 0-1

[Event "Gibraltar Challengers B"]
[Site "Gibraltar"]
[Date "2020.01.26"]
[Round "2.9"]
[White "Lung, Liviu-Catalin"]
[Black "Mihajlov, Svetoslav"]
[Result "0-1"]
[WhiteElo "2041"]
[BlackElo "2173"]
[PlyCount "58"]
[EventDate "2020.01.25"]
[EventType "swiss"]
[EventRounds "5"]
[EventCountry "GGB"]
[SourceTitle "BritBase"]
[Source "John Saunders"]
[SourceDate "2021.06.05"]
[SourceVersion "1"]
[SourceVersionDate "2021.06.05"]
[SourceQuality "1"]

1. e4 e5 2. Nf3 Nc6 3. Bb5 a6 4. Ba4 Nf6 5. d4 Nxe4 6. Qe2 Nd6 7. dxe5 Nf5 8.
Qe4 g6 9. g4 Nh4 10. Nc3 Nxf3+ 11. Qxf3 Bg7 12. Bxc6 dxc6 13. Bf4 Qh4 14. h3
Be6 15. O-O-O O-O 16. Qe3 h6 17. g5 Kh7 18. Rhg1 Rfd8 19. Rxd8 Rxd8 20. Ne4 h5
21. Rh1 Bd5 22. Rd1 Re8 23. Nc5 f6 24. c4 fxg5 25. cxd5 gxf4 26. Qd3 Rxe5 27.
Rg1 Rg5 28. Rxg5 Qxg5 29. Ne4 Qxd5 0-1

[Event "Gibraltar Challengers B"]
[Site "Gibraltar"]
[Date "2020.01.26"]
[Round "2.10"]
[White "Hristodorescu, Daniel"]
[Black "Karlsson, Jorgen"]
[Result "1-0"]
[WhiteElo "2172"]
[BlackElo "2054"]
[PlyCount "103"]
[EventDate "2020.01.25"]
[EventType "swiss"]
[EventRounds "5"]
[EventCountry "GGB"]
[SourceTitle "BritBase"]
[Source "John Saunders"]
[SourceDate "2021.06.05"]
[SourceVersion "1"]
[SourceVersionDate "2021.06.05"]
[SourceQuality "1"]

1. e4 g6 2. d4 Bg7 3. Nc3 d6 4. Bg5 h6 5. Bh4 Nd7 6. f4 c5 7. d5 Qa5 8. Qd2 a6
9. Nf3 b5 10. Be2 Bb7 11. O-O Ngf6 12. a3 Qc7 13. Bd3 Nb6 14. Rfe1 O-O 15. Rad1
Rac8 16. h3 Rfe8 17. g4 b4 18. axb4 cxb4 19. Ne2 a5 20. Ned4 Nc4 21. Qc1 Nd7
22. Bf2 Qb8 23. Qa1 Ndb6 24. Qa2 a4 25. b3 Na3 26. Nb5 Nxd5 27. exd5 Bxd5 28.
Nfd4 axb3 29. cxb3 e5 30. Nxa3 bxa3 31. Nb5 exf4 32. Rxe8+ Rxe8 33. Qxa3 Be5
34. Bc4 Bf3 35. Rd2 h5 36. Nxd6 hxg4 37. hxg4 Rd8 38. Nxf7 Rxd2 39. Nxe5+ Bd5
40. Qc1 Rxf2 41. Bxd5+ Kh7 42. Kxf2 Qxe5 43. Qh1+ Kg7 44. Qe4 Qb2+ 45. Kf3 Qc3+
46. Ke2 Qc1 47. Qe7+ Kh6 48. g5+ Kh5 49. Kf2 Qd2+ 50. Qe2+ Qxe2+ 51. Kxe2 Kxg5
52. b4 1-0

[Event "Gibraltar Challengers B"]
[Site "Gibraltar"]
[Date "2020.01.26"]
[Round "2.21"]
[White "Skutta, Bernd"]
[Black "Sousa, Ludy Helsio Paulo"]
[Result "0-1"]
[WhiteElo "1998"]
[BlackElo "2247"]
[PlyCount "80"]
[EventDate "2020.01.25"]
[EventType "swiss"]
[EventRounds "5"]
[EventCountry "GGB"]
[SourceTitle "BritBase"]
[Source "John Saunders"]
[SourceDate "2021.06.05"]
[SourceVersion "1"]
[SourceVersionDate "2021.06.05"]
[SourceQuality "1"]

1. e4 c5 2. Nf3 d6 3. d4 cxd4 4. Qxd4 a6 5. c4 e5 6. Qd1 h6 7. Nc3 Nf6 8. Be2
Be6 9. O-O Nbd7 10. Re1 Rc8 11. Nd2 Be7 12. a4 a5 13. b3 O-O 14. Bf3 Nc5 15.
Nf1 Nfd7 16. Ne3 Nb8 17. Ba3 Nc6 18. Nb5 Qb6 19. Rb1 Na7 20. Nc3 Qd8 21. Re2
Bg5 22. g3 Bxe3 23. Rxe3 Qb6 24. Re2 Kh8 25. Rd2 Rcd8 26. Bg2 Nc8 27. Nb5 Rd7
28. Bc1 f5 29. Nc3 Nxe4 30. Nxe4 fxe4 31. Bxe4 Ne7 32. Qc2 Nc6 33. Bb2 Nb4 34.
Qd1 Rdf7 35. Qe1 Bf5 36. Bxf5 Rxf5 37. Qe3 Qc6 38. Rf1 Rf3 39. Qe2 Rxb3 40. Ba1
Rbf3 0-1

[Event "Gibraltar Challengers B"]
[Site "Gibraltar"]
[Date "2020.01.26"]
[Round "2.22"]
[White "Meszaros, Andras"]
[Black "Boardman, Jeffrey"]
[Result "1-0"]
[WhiteElo "2244"]
[BlackElo "1972"]
[PlyCount "63"]
[EventDate "2020.01.25"]
[EventType "swiss"]
[EventRounds "5"]
[EventCountry "GGB"]
[SourceTitle "BritBase"]
[Source "John Saunders"]
[SourceDate "2021.06.05"]
[SourceVersion "1"]
[SourceVersionDate "2021.06.05"]
[SourceQuality "1"]

1. Nf3 d5 2. c4 c6 3. e3 Nf6 4. d4 a6 5. Nbd2 Bf5 6. Ne5 e6 7. g4 Bg6 8. h4
dxc4 9. Bxc4 Be4 10. Nxe4 Nxe4 11. Qf3 Bb4+ 12. Ke2 Nd6 13. a3 Ba5 14. b4 Bc7
15. Bb2 f6 16. Bxe6 Qe7 17. Bb3 fxe5 18. dxe5 Nf7 19. Qf5 Nxe5 20. Bxe5 Bxe5
21. Qc8+ Qd8 22. Qxb7 Nd7 23. Rad1 Rc8 24. f4 Qc7 25. Qxa6 Ke7 26. Qc4 Rce8 27.
fxe5 Rhf8 28. Rd6 Kd8 29. Rhd1 Rxe5 30. Rxd7+ Qxd7 31. Rxd7+ Kxd7 32. Qd4+ 1-0

[Event "Gibraltar Challengers B"]
[Site "Gibraltar"]
[Date "2020.01.26"]
[Round "2.25"]
[White "Bujakevich, Aleksandr"]
[Black "Rodriguez Perez, Angel Mariano"]
[Result "1-0"]
[WhiteElo "2014"]
[BlackElo "2220"]
[PlyCount "119"]
[EventDate "2020.01.25"]
[EventType "swiss"]
[EventRounds "5"]
[EventCountry "GGB"]
[SourceTitle "BritBase"]
[Source "John Saunders"]
[SourceDate "2021.06.05"]
[SourceVersion "1"]
[SourceVersionDate "2021.06.05"]
[SourceQuality "1"]

1. e4 c5 2. c3 Nf6 3. e5 Nd5 4. Bc4 Nb6 5. Bb3 d5 6. exd6 c4 7. Bxc4 Nxc4 8.
Qa4+ b5 9. Qxb5+ Qd7 10. Qxc4 Ba6 11. Qf4 Nc6 12. Ne2 f6 13. Qe4 Qxd6 14. d4 e5
15. dxe5 fxe5 16. O-O Be7 17. c4 O-O 18. Nbc3 Nb4 19. Be3 Qc7 20. Rfd1 Bxc4 21.
a3 Qc6 22. Qxe5 Bf6 23. Qc5 Qxc5 24. Bxc5 Rfe8 25. Bxb4 Bxe2 26. Nxe2 Rxe2 27.
Bc3 Bxc3 28. bxc3 Rc8 29. Rac1 Ra2 30. c4 Rxa3 31. c5 Ra6 32. f4 Rac6 33. Rd5
a5 34. Kf2 Rb8 35. Ke3 a4 36. Rd6 Rxd6 37. cxd6 Rd8 38. Rc6 a3 39. Ra6 a2 40.
Ke4 Rxd6 41. Rxa2 Kf7 42. g4 Rd7 43. h4 Rb7 44. Rd2 Re7+ 45. Kf3 Ra7 46. h5 h6
47. Rd6 Re7 48. g5 hxg5 49. fxg5 Ra7 50. Rd4 Ra3+ 51. Kf4 Ra8 52. Rd7+ Kf8 53.
Kf5 Ra5+ 54. Kg6 Ra6+ 55. Kh7 Ra5 56. Rxg7 Rf5 57. h6 Ra5 58. g6 Rh5 59. Ra7
Rh1 60. g7+ 1-0

[Event "Gibraltar Challengers B"]
[Site "Gibraltar"]
[Date "2020.01.26"]
[Round "2.27"]
[White "Obiamiwe, Paul"]
[Black "Kukic, Boris"]
[Result "1/2-1/2"]
[WhiteElo "1920"]
[BlackElo "2056"]
[PlyCount "149"]
[EventDate "2020.01.25"]
[EventType "swiss"]
[EventRounds "5"]
[EventCountry "GGB"]
[SourceTitle "BritBase"]
[Source "John Saunders"]
[SourceDate "2021.06.05"]
[SourceVersion "1"]
[SourceVersionDate "2021.06.05"]
[SourceQuality "1"]

1. Nf3 d5 2. d4 Nf6 3. c4 e6 4. cxd5 exd5 5. Nc3 c6 6. Qc2 Bb4 7. Bg5 O-O 8. e3
h6 9. Bh4 Be7 10. Bd3 Nbd7 11. h3 Ne8 12. Bg3 Ndf6 13. O-O Nd6 14. Ne5 a6 15.
Rad1 Be6 16. Na4 Nde4 17. Bh2 Re8 18. f3 Ng5 19. Nc5 Bxc5 20. Qxc5 Nd7 21. Qc2
Nxe5 22. Bxe5 f6 23. Bg3 Qd7 24. h4 Nf7 25. Bh7+ Kh8 26. Bg6 Rf8 27. Qb3 Nd6
28. Bb1 Nc4 29. Rfe1 Bg8 30. Qc3 Rac8 31. b3 Nd6 32. Qb4 Nf7 33. e4 dxe4 34.
fxe4 Qg4 35. Qc3 Rcd8 36. Qf3 Qd7 37. e5 fxe5 38. dxe5 Qe7 39. Qe2 Rxd1 40.
Rxd1 Nd8 41. Qd3 Ne6 42. Qe4 Rd8 43. Rd6 Re8 44. Qe3 c5 45. Qe4 Rc8 46. Bf2 b5
47. Rxa6 c4 48. Rc6 Rb8 49. Bc2 Nf8 50. Qd4 Ne6 51. Qd6 Qe8 52. Bf5 Rd8 53.
Qxd8 Nxd8 54. Rc8 Qxe5 55. Bh3 Ne6 56. Re8 Qa1+ 57. Kh2 Qf6 58. Bxe6 Qxf2 59.
Bxg8 g5 60. hxg5 Kg7 61. gxh6+ Kxh6 62. bxc4 bxc4 63. Bxc4 Qh4+ 64. Kg1 Qxc4
65. Re1 Qxa2 66. Re3 Kg5 67. Rf3 Kg4 68. Kh2 Qb1 69. Rg3+ Kf4 70. Rf3+ Ke4 71.
Rh3 Qd1 72. Rf3 Qe1 73. Rh3 Kf4 74. Rf3+ Kg4 75. Rh3 1/2-1/2

[Event "Gibraltar Challengers B"]
[Site "Gibraltar"]
[Date "2020.01.26"]
[Round "2.29"]
[White "Gonzalvez Perales, Jose Luis"]
[Black "Johnsen, Sylvia"]
[Result "1-0"]
[WhiteElo "1992"]
[BlackElo "1902"]
[PlyCount "75"]
[EventDate "2020.01.25"]
[EventType "swiss"]
[EventRounds "5"]
[EventCountry "GGB"]
[SourceTitle "BritBase"]
[Source "John Saunders"]
[SourceDate "2021.06.05"]
[SourceVersion "1"]
[SourceVersionDate "2021.06.05"]
[SourceQuality "1"]

1. d4 d5 2. Bf4 Nf6 3. e3 Bf5 4. Nf3 e6 5. c3 Bd6 6. Ne5 O-O 7. Nd2 h6 8. h4
Nbd7 9. Be2 Ne4 10. g4 Bh7 11. Nxe4 Bxe4 12. f3 Bh7 13. Bd3 Nxe5 14. dxe5 Be7
15. Bxh7+ Kxh7 16. Qd3+ Kg8 17. O-O-O c5 18. Bg3 c4 19. Qe2 Qa5 20. a3 b5 21.
f4 g6 22. f5 Rfd8 23. fxg6 fxg6 24. Qc2 Kh7 25. h5 Rg8 26. hxg6+ Kg7 27. Rxh6
Rh8 28. Rh7+ Rxh7 29. gxh7 Rh8 30. Rh1 Qd8 31. Bf4 Bg5 32. Rh5 Bxf4 33. exf4
Qe7 34. f5 Qf7 35. f6+ Kf8 36. Qf2 Rxh7 37. Qc5+ Kg8 38. Qc8+ 1-0

[Event "Gibraltar Challengers B"]
[Site "Gibraltar"]
[Date "2020.01.26"]
[Round "2.30"]
[White "Alami, Halim"]
[Black "O'Neil, Jim"]
[Result "1-0"]
[WhiteElo "1987"]
[BlackElo "1870"]
[PlyCount "63"]
[EventDate "2020.01.25"]
[EventType "swiss"]
[EventRounds "5"]
[EventCountry "GGB"]
[SourceTitle "BritBase"]
[Source "John Saunders"]
[SourceDate "2021.06.05"]
[SourceVersion "1"]
[SourceVersionDate "2021.06.05"]
[SourceQuality "1"]

1. e4 c5 2. f4 a6 3. Nf3 Nc6 4. Be2 Nf6 5. d3 e6 6. O-O d5 7. e5 Nd7 8. Be3 b6
9. c3 Bb7 10. d4 Ne7 11. Bf2 h5 12. Nh4 g6 13. Nd2 Nf5 14. Ndf3 Be7 15. Nxf5
gxf5 16. h4 Nf8 17. Ng5 Bxg5 18. fxg5 Qe7 19. Bxh5 c4 20. g4 fxg4 21. Qxg4 Kd7
22. Be3 Ng6 23. Rf6 Rag8 24. Raf1 Rh7 25. Bxg6 fxg6 26. Bf2 Bc6 27. Qd1 Kd8 28.
Bg3 Be8 29. b3 b5 30. bxc4 dxc4 31. Qf3 Qa7 32. Rxe6 1-0

[Event "Gibraltar Challengers B"]
[Site "Gibraltar"]
[Date "2020.01.26"]
[Round "2.31"]
[White "Kaplan, Amiram"]
[Black "Fernandez Lopategi, Jon Andoni"]
[Result "1/2-1/2"]
[WhiteElo "1880"]
[BlackElo "1987"]
[PlyCount "83"]
[EventDate "2020.01.25"]
[EventType "swiss"]
[EventRounds "5"]
[EventCountry "GGB"]
[SourceTitle "BritBase"]
[Source "John Saunders"]
[SourceDate "2021.06.05"]
[SourceVersion "1"]
[SourceVersionDate "2021.06.05"]
[SourceQuality "1"]

1. e4 d5 2. exd5 Qxd5 3. Nc3 Qa5 4. d4 c6 5. h3 Bf5 6. Nf3 Nf6 7. Bd3 Bxd3 8.
Qxd3 Nbd7 9. Bd2 e6 10. O-O Qc7 11. Rfe1 Bd6 12. a4 O-O 13. Rad1 a6 14. Ng5 b5
15. axb5 axb5 16. Nge4 Bh2+ 17. Kh1 Bf4 18. Qf3 Bxd2 19. Rxd2 Nd5 20. g3 b4 21.
Nd1 Ra2 22. Kg2 N7b6 23. b3 Nc8 24. c4 Rxd2 25. Nxd2 Nf6 26. Ne4 Nxe4 27. Qxe4
Rd8 28. Ne3 Ne7 29. Ra1 h6 30. Nc2 c5 31. dxc5 Qxc5 32. Ra8 Rxa8 33. Qxa8+ Kh7
34. Qb7 Nf5 35. Qxb4 Qc6+ 36. Kh2 Qf3 37. Qd2 Qxb3 38. Qe2 g6 39. Kg2 Kg7 40.
Ne1 Kf6 41. Nf3 Qc3 42. Qe4 1/2-1/2

[Event "Gibraltar Challengers B"]
[Site "Gibraltar"]
[Date "2020.01.26"]
[Round "2.32"]
[White "Paul, Nathanael"]
[Black "Auvinen, Esa"]
[Result "1-0"]
[WhiteElo "1987"]
[BlackElo "1850"]
[PlyCount "61"]
[EventDate "2020.01.25"]
[EventType "swiss"]
[EventRounds "5"]
[EventCountry "GGB"]
[SourceTitle "BritBase"]
[Source "John Saunders"]
[SourceDate "2021.06.05"]
[SourceVersion "1"]
[SourceVersionDate "2021.06.05"]
[SourceQuality "1"]

1. d4 Nf6 2. Bf4 e6 3. e3 d5 4. Nd2 Be7 5. Bd3 O-O 6. c3 Nbd7 7. Ngf3 c5 8. Ne5
Re8 9. h4 Nf8 10. Ndf3 Ne4 11. Bxe4 dxe4 12. Ng5 f6 13. Ngf7 fxe5 14. Nxd8 exf4
15. Qc2 fxe3 16. fxe3 Rxd8 17. Qxe4 Rb8 18. O-O-O cxd4 19. exd4 Bf6 20. Rdf1
Bd7 21. Qg4 Kh8 22. Rxf6 gxf6 23. Rf1 f5 24. Qg5 Bc6 25. Qf6+ Kg8 26. g4 fxg4
27. Qg5+ Ng6 28. h5 Bf3 29. hxg6 hxg6 30. Qxg6+ Kf8 31. Qxg4 1-0

[Event "Gibraltar Challengers B"]
[Site "Gibraltar"]
[Date "2020.01.26"]
[Round "2.35"]
[White "Manukonda, Arun"]
[Black "Olufemi, George"]
[Result "1-0"]
[WhiteElo "1959"]
[BlackElo "1803"]
[PlyCount "103"]
[EventDate "2020.01.25"]
[EventType "swiss"]
[EventRounds "5"]
[EventCountry "GGB"]
[SourceTitle "BritBase"]
[Source "John Saunders"]
[SourceDate "2021.06.05"]
[SourceVersion "1"]
[SourceVersionDate "2021.06.05"]
[SourceQuality "1"]

1. Nf3 g6 2. g3 Bg7 3. Bg2 c5 4. d3 Nc6 5. e4 d6 6. Nbd2 Nh6 7. c3 O-O 8. O-O
Rb8 9. a4 b6 10. h3 e6 11. Ne1 Qc7 12. Nc4 f6 13. f4 a6 14. g4 Nf7 15. h4 Ne7
16. Ne3 Rd8 17. Qb3 b5 18. axb5 axb5 19. Bd2 Qd7 20. f5 Ne5 21. g5 c4 22. dxc4
exf5 23. cxb5+ Qe6 24. Nd5 Kh8 25. c4 Ng4 26. gxf6 Nxf6 27. Nxf6 Bxf6 28. Bc3
Bb7 29. Nd3 Rf8 30. Nf4 Qf7 31. Ra7 Nc8 32. Nd5 Be5 33. Bxe5+ dxe5 34. Ra3 Bxd5
35. exd5 Qe7 36. Qe3 Rf7 37. Re1 Nd6 38. b3 Re8 39. Ra6 f4 40. Qh3 Qf6 41. Rf1
e4 42. c5 Qd4+ 43. Kh1 Qxc5 44. Rc6 Qxd5 45. Qc3+ Kg8 46. Rc5 Qd3 47. Qxd3 exd3
48. Bd5 Kg7 49. Bxf7 Nxf7 50. Rd5 Ne5 51. Rxf4 Re7 52. b6 1-0

[Event "Gibraltar Challengers B"]
[Site "Gibraltar"]
[Date "2020.01.26"]
[Round "2.37"]
[White "Fabregas, Oliver"]
[Black "Tkadlecek, Petr"]
[Result "1-0"]
[WhiteElo "1951"]
[BlackElo "1775"]
[PlyCount "109"]
[EventDate "2020.01.25"]
[EventType "swiss"]
[EventRounds "5"]
[EventCountry "GGB"]
[SourceTitle "BritBase"]
[Source "John Saunders"]
[SourceDate "2021.06.05"]
[SourceVersion "1"]
[SourceVersionDate "2021.06.05"]
[SourceQuality "1"]

1. Nf3 Nf6 2. g3 d5 3. Bg2 c6 4. b3 g6 5. Bb2 Bg7 6. d3 O-O 7. O-O Re8 8. Nbd2
Nbd7 9. e4 dxe4 10. dxe4 e5 11. Qe2 Qc7 12. Rfd1 a5 13. a4 b6 14. h3 Ba6 15.
Qe3 Rac8 16. Rac1 Bf8 17. c4 Bc5 18. Qe2 Bf8 19. Kh2 Bh6 20. Rc2 Bb7 21. Ba3 c5
22. Ne1 Nf8 23. Bb2 Ne6 24. Nd3 Nd4 25. Bxd4 exd4 26. f4 Re7 27. e5 Rce8 28.
Qf2 Nd7 29. Bd5 Bg7 30. Qf3 Bc8 31. Ne4 Nf8 32. Re2 Bd7 33. Rde1 Rd8 34. Kg2
Be6 35. Nd6 Qd7 36. g4 h6 37. Bc6 Qc7 38. Nb5 Qc8 39. Rf1 f6 40. f5 gxf5 41.
gxf5 Bf7 42. e6 Be8 43. Be4 Nh7 44. h4 Bf8 45. Nf4 Rg7+ 46. Kh1 Bxb5 47. axb5
Ra7 48. Rg1+ Bg7 49. Bd5 Re7 50. Reg2 Qc7 51. Rxg7+ Rxg7 52. e7+ Kh8 53.
exd8=Q+ Qxd8 54. Rxg7 Kxg7 55. Ne6+ 1-0